En pos del milenio: revolucionarios milenaristas y anarquistas místicos de la Edad Media
Kaydedildi:
| Yazar: | |
|---|---|
| Materyal Türü: | Kitap |
| Dil: | İspanyolca |
| Baskı/Yayın Bilgisi: |
Logroño
Pepitas de Calabaza
2015
|
| Edisyon: | 1a. ed |
| Konular: | |
| Etiketler: |
Etiketle
Etiket eklenmemiş, İlk siz ekleyin!
|
MARC
| LEADER | 00000cam a2200000 a 4500 | ||
|---|---|---|---|
| 001 | UCE7101 | ||
| 003 | CL-VaPUC | ||
| 008 | 150529e20150000sp |||||||||||||||||spa|d | ||
| 020 | |a 9788493767129 | ||
| 082 | 0 | 4 | |a 236.9 |b COH |2 21 |
| 100 | 0 | |a Cohn, Norman |e author |9 579827 | |
| 245 | 1 | 0 | |a En pos del milenio: revolucionarios milenaristas y anarquistas místicos de la Edad Media |
| 250 | |a 1a. ed | ||
| 300 | |a 560 p | ||
| 942 | |c BK | ||
| 945 | |d 20150529 15:00:00 |a dcastane | ||
| 260 | |a Logroño |b Pepitas de Calabaza |c 2015 | ||
| 650 | 0 | |a Escatología |9 314395 | |
| 650 | 0 | |a Edad media |9 258041 | |
| 650 | 0 | |a Apocalipsis (Revelación) |9 314500 | |
| 650 | 0 | |a Cruzadas |9 319513 | |
| 650 | 0 | |a Anarquía |9 353514 | |
| 583 | |a last modification |c 20150529 15:00:00 |k Rodrigo Vera | ||
| 999 | |c 359235 |d 359233 | ||
| 952 | |0 0 |1 0 |3 erb |4 0 |6 236_900000000000000_COH_2015 |7 0 |8 A |9 468375 |a BIBART |b BIBART |i 5160685 |o 236.9 COH 2015 |p 5160685 |r 2025-03-13 |w 2019-11-23 |y BK |z Catalogado en:20150529 |k ART | ||